Технологическое обеспечение шероховатости, точности формы и расположения поверхностей детали после гидроабразивного резания; Справочник. Инженерный журнал; № 9

Opis bibliograficzny
Parent link:Справочник. Инженерный журнал: научно-технический и производственный журнал.— , 2000-.— 0203-347X
№ 9.— 2005.— С. 22-26
1. autor: Барсуков Г. В.
Język:rosyjski
Wydane: 2005
Seria:Современные технологии
Hasła przedmiotowe:
Format: Rozdział
KOHA link:https://koha.lib.tpu.ru/cgi-bin/koha/opac-detail.pl?biblionumber=399320

MARC

LEADER 00000naa2a2200000 4500
001 399320
005 20231101065215.0
035 |a (RuTPU)RU\TPU\prd\40542 
090 |a 399320 
100 |a 20051221a2005 k y0rusy50 ca 
101 0 |a rus 
102 |a RU 
200 1 |a Технологическое обеспечение шероховатости, точности формы и расположения поверхностей детали после гидроабразивного резания  |f Г. В. Барсуков 
225 1 |a Современные технологии 
320 |a Библиогр.: 9 назв. 
461 0 |0 (RuTPU)RU\TPU\prd\1723  |x 0203-347X  |t Справочник. Инженерный журнал  |o научно-технический и производственный журнал  |d 2000- 
463 0 |0 (RuTPU)RU\TPU\prd\40141  |t № 9  |v С. 22-26  |d 2005 
610 1 |a шероховатость 
610 1 |a показатели качества 
610 1 |a резание 
610 1 |a производительность процессов 
610 1 |a поверхности деталей 
610 1 |a сортамент 
610 1 |a технологическое обеспечение 
610 1 |a точность формы 
610 1 |a гидроабразивное резание 
700 1 |a Барсуков  |b Г. В. 
801 1 |a RU  |b 63413507  |c 20051221  |g PSBO 
801 2 |a RU  |b 63413507  |c 20140117  |g RCR 
942 |c BK